| 000 | 00756nam a22001577a 4500 | ||
|---|---|---|---|
| 003 | OSt | ||
| 005 | 20151006130931.0 | ||
| 008 | 151006b xxu||||| |||| 00| 0 eng d | ||
| 040 | _cRUA | ||
| 082 | _aAVM HAK 2000 B071 Or.1 | ||
| 100 |
_92145 _aHAK, SOVAN. |
||
| 245 | _aStudy of efficacy of fasinex (triclabendazole) against fasciolosis in cattle in saang district of kandal province, ការសិក្សាអំពីប្រសិទ្ធភាពរបស់ថ្នាំFASCIOLOSIS (Triiclabendazole) ប្រឆាំងនឹងព្រូនហ្វាស្យូឡាគោ នៅស្រុកស្អាង ខេត្តកណ្ដាល | ||
| 260 |
_aPhnom Penh _bRUA _c2000 |
||
| 300 |
_a37p. _bill. _c29cm. |
||
| 942 |
_2ddc _cAVM |
||
| 999 |
_c2017 _d2017 |
||